000 00518nam a2200217Ia 4500
005 20250425161802.0
008 250425s9999 xx 000 0 und d
020 _a8428200580
041 _aspa
082 _a551
100 _aHOLMES, ARTHUR
245 0 _aGEOLOGIA FISICA
250 _a8A ED.
260 _aBARCELONA
260 _aEspaƱa
_bOMEGA
_c1976
300 _a512
650 _aGEOLOGIA FISICA
700 _aRAFAEL CANDEL V., JOAQUINA COMAS DE CANDEL
_etraductor
942 _c01
010 _a28956
999 _c216045
_d216045